[Event "II Open Internacional Blitz Quart de Pob"]
[Site "Quart de Poblet, Spain"]
[Date "2019.08.10"]
[Round "3.1"]
[White "Kovacevic, Slobodan"]
[Black "Galvan, Jesus"]
[Result "1-0"]
[WhiteElo "2395"]
[BlackElo "2200"]
[PlyCount "105"]
[EventDate "2019.??.??"]

1. d4 {[%clk 00:07:05]} 1... d6 {[%clk 00:07:06]} 2. Nf3 {
[%clk 00:07:07]  [%emt 00:00:06]} 2... g6 {[%clk 00:07:04]  [%emt 00:00:04]} 3.
c3 {[%clk 00:07:07]  [%emt 00:00:05]} 3... Bg7 {[%clk 00:07:05]} 4. Bg5 {
[%clk 00:07:09]} 4... Nf6 {[%clk 00:06:59]  [%emt 00:00:08]} 5. Nbd2 {
[%clk 00:07:10]} 5... h6 {[%clk 00:07:00]  [%emt 00:00:12]} 6. Bh4 {
[%clk 00:07:12]} 6... g5 {[%clk 00:07:02]} 7. Bg3 {[%clk 00:07:14]} 7... Nh5 {
[%clk 00:07:05]} 8. e4 {[%clk 00:07:16]} 8... e6 {
[%clk 00:07:06]  [%emt 00:00:07]} 9. Nc4 {[%clk 00:07:16]} 9... Qe7 {
[%clk 00:06:56]  [%emt 00:00:07]} 10. Nfd2 {[%clk 00:07:09]  [%emt 00:00:09]}
10... Nxg3 {[%clk 00:06:57]  [%emt 00:00:06]} 11. hxg3 {[%clk 00:07:11]} 11...
Nd7 {[%clk 00:06:46]  [%emt 00:00:11]} 12. Bd3 {
[%clk 00:07:08]  [%emt 00:00:07]} 12... b6 {[%clk 00:06:48]  [%emt 00:00:06]}
13. Qe2 {[%clk 00:06:55]  [%emt 00:00:12]} 13... Bb7 {
[%clk 00:06:47]  [%emt 00:00:05]} 14. Ne3 {[%clk 00:06:56]  [%emt 00:00:05]}
14... c5 {[%clk 00:06:33]  [%emt 00:00:12]} 15. d5 {
[%clk 00:06:50]  [%emt 00:00:08]} 15... a6 {[%clk 00:06:25]  [%emt 00:00:11]}
16. a4 {[%clk 00:06:44]  [%emt 00:00:11]} 16... Ne5 {
[%clk 00:06:20]  [%emt 00:00:07]} 17. Ndc4 {[%clk 00:06:08]  [%emt 00:00:39]}
17... Qc7 {[%clk 00:04:58]  [%emt 00:01:25]} 18. Nxe5 {
[%clk 00:05:16]  [%emt 00:00:54]} 18... Bxe5 {[%clk 00:05:00]} 19. Bc4 {
[%clk 00:05:18]  [%emt 00:00:06]} 19... Qe7 {[%clk 00:04:00]  [%emt 00:01:02]}
20. Qh5 {[%clk 00:05:13]  [%emt 00:00:06]} 20... O-O-O {
[%clk 00:03:55]  [%emt 00:00:07]} 21. Qe2 {[%clk 00:05:11]  [%emt 00:00:06]}
21... a5 {[%clk 00:03:54]  [%emt 00:00:07]} 22. Ba6 {
[%clk 00:05:11]  [%emt 00:00:09]} 22... Kb8 {[%clk 00:03:56]} 23. Qb5 {
[%clk 00:04:15]  [%emt 00:00:51]} 23... Ka7 {[%clk 00:03:48]  [%emt 00:00:11]}
24. Bxb7 {[%clk 00:04:11]  [%emt 00:00:06]} 24... Qxb7 {
[%clk 00:03:47]  [%emt 00:00:05]} 25. O-O-O {[%clk 00:04:10]  [%emt 00:00:06]}
25... Bg7 {[%clk 00:02:26]  [%emt 00:01:22]} 26. Nc4 {
[%clk 00:04:10]  [%emt 00:00:06]} 26... Rhe8 {[%clk 00:02:03]  [%emt 00:00:23]}
27. f3 {[%clk 00:04:00]  [%emt 00:00:15]} 27... Qa6 {
[%clk 00:01:39]  [%emt 00:00:24]} 28. Qb3 {[%clk 00:03:54]  [%emt 00:00:10]}
28... Rd7 {[%clk 00:01:26]  [%emt 00:00:16]} 29. dxe6 {
[%clk 00:03:47]  [%emt 00:00:09]} 29... fxe6 {[%clk 00:01:28]} 30. Rxd6 {
[%clk 00:03:44]  [%emt 00:00:10]} 30... Rxd6 {[%clk 00:01:24]  [%emt 00:00:11]}
31. Nxd6 {[%clk 00:03:46]} 31... Re7 {[%clk 00:01:15]  [%emt 00:00:07]} 32.
Nb5+ {[%clk 00:03:42]  [%emt 00:00:10]} 32... Kb8 {
[%clk 00:01:07]  [%emt 00:00:12]} 33. Rd1 {[%clk 00:03:44]} 33... Kc8 {
[%clk 00:01:03]  [%emt 00:00:06]} 34. Rd6 {[%clk 00:03:39]  [%emt 00:00:09]}
34... Qb7 {[%clk 00:00:42]  [%emt 00:00:20]} 35. Qd1 {
[%clk 00:03:39]  [%emt 00:00:06]} 35... Rd7 {[%clk 00:00:37]  [%emt 00:00:06]}
36. f4 {[%clk 00:03:25]  [%emt 00:00:21]} 36... Bf8 {[%clk 00:00:38]} 37. Rxd7
{[%clk 00:03:14]  [%emt 00:00:17]} 37... Qxd7 {[%clk 00:00:41]} 38. Qxd7+ {
[%clk 00:03:06]  [%emt 00:00:06]} 38... Kxd7 {[%clk 00:00:43]} 39. Kd2 {
[%clk 00:03:07]  [%emt 00:00:07]} 39... g4 {[%clk 00:00:26]  [%emt 00:00:16]}
40. Na3 {[%clk 00:03:03]  [%emt 00:00:07]} 40... Kc6 {
[%clk 00:00:18]  [%emt 00:00:11]} 41. Kd3 {[%clk 00:03:04]  [%emt 00:00:06]}
41... Bd6 {[%clk 00:00:13]  [%emt 00:00:12]} 42. Nc4 {[%clk 00:03:05]} 42...
Bc7 {[%clk 00:00:14]} 43. e5 {[%clk 00:02:59]  [%emt 00:00:05]} 43... Kd5 {
[%clk 00:00:16]} 44. Ne3+ {[%emt 00:00:11]} 44... Kc6 45. Nxg4 {[%clk 00:03:01]
} 45... b5 {[%clk 00:00:19]} 46. axb5+ Kxb5 {[%clk 00:00:21]} 47. Nxh6 {
[%clk 00:03:03]} 47... c4+ {[%clk 00:00:22]} 48. Kc2 {
[%clk 00:03:03]  [%emt 00:00:08]} 48... Kc5 {[%clk 00:00:19]  [%emt 00:00:05]}
49. g4 {[%clk 00:03:03]  [%emt 00:00:04]} 49... Kd5 {[%clk 00:00:21]} 50. g5 {
[%clk 00:03:05]} 50... Bxe5 {[%clk 00:00:08]  [%emt 00:00:13]} 51. fxe5 {
[%clk 00:03:07]  [%emt 00:00:05]} 51... Kxe5 {[%clk 00:00:10]} 52. g4 {
[%clk 00:03:06]  [%emt 00:00:05]} 52... a4 {[%clk 00:00:12]} 53. Kd2 {
[%clk 00:03:07]  [%emt 00:00:04]} 1-0

[Event "II Open Internacional Blitz Quart de Pob"]
[Site "Quart de Poblet, Spain"]
[Date "2019.08.10"]
[Round "3.2"]
[White "Deruelle Sala, Albert"]
[Black "Granero Roca, Antonio"]
[Result "1/2-1/2"]
[WhiteElo "2105"]
[BlackElo "2393"]
[PlyCount "148"]
[EventDate "2019.??.??"]

1. Nf3 {[%clk 00:07:05]} 1... Nf6 {[%clk 00:07:05]} 2. d4 {[%clk 00:07:06]}
2... g6 {[%clk 00:07:05]  [%emt 00:00:14]} 3. c4 {[%clk 00:07:07]} 3... Bg7 {
[%clk 00:07:06]} 4. Nc3 {[%clk 00:07:09]} 4... d6 {[%clk 00:07:07]} 5. e4 {
[%clk 00:07:11]} 5... O-O {[%clk 00:07:07]  [%emt 00:00:07]} 6. Be2 {
[%clk 00:07:12]} 6... Bg4 {[%clk 00:07:09]} 7. O-O {
[%clk 00:06:54]  [%emt 00:00:38]} 7... Nfd7 {[%clk 00:07:10]} 8. Ne1 {
[%clk 00:06:45]  [%emt 00:00:03]} 8... Bxe2 {[%clk 00:07:10]} 9. Nxe2 {
[%clk 00:06:47]} 9... c5 {[%clk 00:07:12]} 10. d5 {
[%clk 00:06:32]  [%emt 00:00:03]} 10... b5 {[%clk 00:07:10]  [%emt 00:00:05]}
11. cxb5 {[%clk 00:06:26]  [%emt 00:00:09]} 11... a6 {
[%clk 00:07:12]  [%emt 00:00:04]} 12. bxa6 {[%clk 00:06:06]  [%emt 00:00:17]}
12... Nxa6 {[%clk 00:07:13]  [%emt 00:00:10]} 13. Rb1 {
[%clk 00:06:02]  [%emt 00:00:09]} 13... Qa5 {[%clk 00:07:01]  [%emt 00:00:31]}
14. a3 {[%clk 00:05:59]  [%emt 00:00:04]} 14... Rfb8 {[%clk 00:07:00]} 15. Bd2
{[%clk 00:05:49]} 15... Qb6 {[%clk 00:06:44]  [%emt 00:00:12]} 16. Bc3 {
[%clk 00:05:50]  [%emt 00:00:10]} 16... Qb3 {[%clk 00:06:31]  [%emt 00:00:09]}
17. Nd3 {[%clk 00:05:16]  [%emt 00:00:37]} 17... Nc7 {
[%clk 00:06:16]  [%emt 00:00:29]} 18. Qd2 {[%clk 00:04:49]  [%emt 00:00:18]}
18... Nb5 {[%clk 00:05:42]  [%emt 00:00:40]} 19. Bxg7 {
[%clk 00:04:50]  [%emt 00:00:03]} 19... Kxg7 {[%clk 00:05:43]} 20. h3 {
[%clk 00:04:32]  [%emt 00:00:27]} 20... Nb6 {[%clk 00:05:14]  [%emt 00:00:24]}
21. Ndc1 {[%clk 00:03:25]  [%emt 00:01:18]} 21... Qc4 {
[%clk 00:04:55]  [%emt 00:00:51]} 22. Qd3 {[%clk 00:03:27]} 22... Rb7 {
[%clk 00:04:31]} 23. Re1 {[%clk 00:03:03]  [%emt 00:00:22]} 23... Rab8 {
[%clk 00:04:28]  [%emt 00:00:05]} 24. f3 {[%clk 00:02:05]  [%emt 00:01:00]}
24... Qxd3 {[%clk 00:04:21]  [%emt 00:00:09]} 25. Nxd3 {
[%clk 00:02:07]  [%emt 00:00:11]} 25... Nc4 {[%clk 00:04:23]} 26. Rbc1 {
[%clk 00:01:38]  [%emt 00:00:23]} 26... Nb6 {[%clk 00:04:10]  [%emt 00:00:15]}
27. Nc3 {[%clk 00:01:34]  [%emt 00:00:22]} 27... Nd4 {[%clk 00:04:07]} 28. Kf2
{[%clk 00:01:35]  [%emt 00:00:13]} 28... Nb3 {[%clk 00:03:45]  [%emt 00:00:12]}
29. Rcd1 {[%clk 00:01:33]  [%emt 00:00:04]} 29... Nc4 {
[%clk 00:03:43]  [%emt 00:00:03]} 30. f4 {[%clk 00:01:22]  [%emt 00:00:15]}
30... Nd4 {[%clk 00:03:43]  [%emt 00:00:04]} 31. e5 {
[%clk 00:01:09]  [%emt 00:00:12]} 31... Nxb2 {[%clk 00:03:40]  [%emt 00:00:09]}
32. Ne4 {[%clk 00:01:09]  [%emt 00:00:04]} 32... Nc4 {
[%clk 00:03:21]  [%emt 00:00:20]} 33. exd6 {[%clk 00:00:58]  [%emt 00:00:11]}
33... exd6 {[%clk 00:03:22]  [%emt 00:00:13]} 34. Rc1 {[%clk 00:00:59]} 34...
Nb2 {[%clk 00:03:19]  [%emt 00:00:13]} 35. Nxb2 {[%clk 00:00:54]} 35... Rxb2+ {
[%clk 00:03:21]} 36. Kf1 {[%clk 00:00:53]} 36... R8b6 {
[%clk 00:03:11]  [%emt 00:00:16]} 37. Ng5 {[%clk 00:00:54]} 37... h6 {
[%clk 00:03:10]  [%emt 00:00:03]} 38. Ne4 {[%clk 00:00:56]} 38... Nf5 {
[%clk 00:02:58]  [%emt 00:00:15]} 39. Rc3 {[%clk 00:00:51]  [%emt 00:00:05]}
39... h5 {[%clk 00:02:50]  [%emt 00:00:11]} 40. g4 {
[%clk 00:00:53]  [%emt 00:00:12]} 40... hxg4 {[%clk 00:02:44]} 41. hxg4 {
[%clk 00:00:55]  [%emt 00:00:04]} 41... Nd4 {[%clk 00:02:46]} 42. Ng5 {
[%clk 00:00:52]  [%emt 00:00:07]} 42... Rb1 {[%clk 00:02:38]  [%emt 00:00:34]}
43. Rh3 {[%clk 00:00:47]} 43... Rxe1+ {[%clk 00:02:11]  [%emt 00:00:10]} 44.
Kxe1 {[%clk 00:00:49]  [%emt 00:00:29]} 44... Rb1+ {[%clk 00:02:12]} 45. Kd2 {
[%clk 00:00:47]  [%emt 00:00:03]} 45... Rb2+ {[%clk 00:02:09]} 46. Kc1 {
[%clk 00:00:49]} 46... Rg2 {[%clk 00:01:44]  [%emt 00:00:12]} 47. Rh7+ {
[%clk 00:00:45]  [%emt 00:00:09]} 47... Kg8 {[%clk 00:01:46]  [%emt 00:00:03]}
48. Rxf7 {[%clk 00:00:47]} 48... Rxg4 {[%clk 00:01:47]} 49. Rf6 {
[%clk 00:00:49]  [%emt 00:00:05]} 49... Ne2+ {[%clk 00:01:32]  [%emt 00:00:15]}
50. Kd2 {[%clk 00:00:48]  [%emt 00:00:05]} 50... Nxf4 {
[%clk 00:01:34]  [%emt 00:00:02]} 51. Ne4 {[%clk 00:00:26]  [%emt 00:00:20]}
51... Nxd5 {[%clk 00:01:12]  [%emt 00:00:27]} 52. Rxd6 {
[%clk 00:00:28]  [%emt 00:00:03]} 52... Rxe4 {[%clk 00:00:59]  [%emt 00:00:14]}
53. Rxd5 {[%clk 00:00:30]  [%emt 00:00:04]} 53... Ra4 {
[%clk 00:00:56]  [%emt 00:00:03]} 54. Rxc5 {[%clk 00:00:22]  [%emt 00:00:08]}
54... Rxa3 {[%clk 00:00:58]  [%emt 00:00:15]} 55. Rc7 {[%clk 00:00:24]} 55...
Rf3 {[%clk 00:01:00]} 56. Ke2 {[%clk 00:00:26]} 56... Rf7 {[%clk 00:01:00]} 57.
Rxf7 {[%clk 00:00:26]} 57... Kxf7 {[%clk 00:01:02]} 58. Kf3 {
[%clk 00:00:28]  [%emt 00:00:04]} 58... Kf6 {[%clk 00:01:04]} 59. Kg4 {
[%clk 00:00:30]} 59... Kf7 {[%clk 00:01:05]} 60. Kg5 {
[%clk 00:00:32]  [%emt 00:00:03]} 60... Kg7 {[%clk 00:01:08]} 61. Kg4 {
[%clk 00:00:35]} 61... Kh6 {[%clk 00:01:10]} 62. Kh4 {[%clk 00:00:37]} 62...
g5+ {[%clk 00:01:13]} 63. Kg4 {[%emt 00:00:04]} 63... Kg6 64. Kg3 {
[%clk 00:00:41]} 64... Kf5 {[%clk 00:01:18]} 65. Kf3 {[%clk 00:00:44]} 65...
g4+ {[%clk 00:01:20]} 66. Kg3 {[%clk 00:00:46]  [%emt 00:00:04]} 66... Kg5 {
[%clk 00:01:23]} 67. Kg2 {[%clk 00:00:48]} 67... Kf4 {[%clk 00:01:26]} 68. Kf2
{[%clk 00:00:50]} 68... g3+ {[%clk 00:01:28]} 69. Kg2 {
[%clk 00:00:53]  [%emt 00:00:26]} 69... Kg4 {[%clk 00:01:31]} 70. Kg1 {
[%clk 00:00:55]} 70... Kf3 {[%clk 00:01:33]} 71. Kf1 {[%clk 00:00:57]} 71...
Kg4 72. Kg1 {[%clk 00:01:00]} 72... Kh3 {[%clk 00:01:41]} 73. Kh1 {
[%clk 00:01:03]} 73... g2+ {[%clk 00:01:43]} 74. Kg1 {[%clk 00:01:05]} 74...
Kg3 {[%clk 00:01:29]} 1/2-1/2

[Event "II Open Internacional Blitz Quart de Pob"]
[Site "Quart de Poblet, Spain"]
[Date "2019.08.10"]
[Round "3.3"]
[White "Diaz Velandia, Jose Manuel"]
[Black "Buenafe Moya, Javier"]
[Result "1-0"]
[WhiteElo "2377"]
[BlackElo "2117"]
[PlyCount "49"]
[EventDate "2019.??.??"]

1. d4 {[%clk 00:07:04]  [%emt 00:00:29]} 1... Nf6 {
[%clk 00:06:33]  [%emt 00:00:06]} 2. Nf3 {[%clk 00:07:05]  [%emt 00:00:12]}
2... e6 {[%clk 00:06:32]} 3. e3 {[%clk 00:07:07]} 3... c5 {
[%clk 00:06:28]  [%emt 00:00:07]} 4. Bd3 {[%clk 00:07:08]  [%emt 00:00:05]}
4... Nc6 {[%clk 00:06:29]} 5. c3 {[%clk 00:07:10]} 5... b6 {
[%clk 00:06:19]  [%emt 00:00:11]} 6. O-O {[%clk 00:07:10]  [%emt 00:00:03]}
6... Bb7 {[%clk 00:06:20]} 7. Nbd2 {[%clk 00:07:06]  [%emt 00:00:09]} 7... d5 {
[%clk 00:06:21]  [%emt 00:00:04]} 8. Ne5 {[%clk 00:06:54]  [%emt 00:00:11]}
8... Bd6 {[%clk 00:06:19]  [%emt 00:00:11]} 9. f4 {[%clk 00:06:55]} 9... O-O {
[%clk 00:05:22]  [%emt 00:00:54]} 10. Rf3 {[%clk 00:06:55]  [%emt 00:00:13]}
10... Ne7 {[%clk 00:04:48]  [%emt 00:00:29]} 11. Rh3 {
[%clk 00:06:56]  [%emt 00:00:17]} 11... Bxe5 {[%clk 00:04:24]  [%emt 00:00:14]}
12. Bxh7+ {[%clk 00:06:28]  [%emt 00:00:31]} 12... Nxh7 {
[%clk 00:03:59]  [%emt 00:01:06]} 13. Qh5 {[%clk 00:06:28]} 13... Re8 {
[%clk 00:04:00]} 14. Qxh7+ {[%clk 00:06:27]} 14... Kf8 {[%clk 00:04:02]} 15.
fxe5 {[%clk 00:06:21]  [%emt 00:00:07]} 15... Ng8 {[%clk 00:03:41]} 16. Nf3 {
[%clk 00:06:07]  [%emt 00:00:15]} 16... Ba6 {[%clk 00:03:31]  [%emt 00:00:13]}
17. Bd2 {[%clk 00:05:43]  [%emt 00:00:25]} 17... Qd7 {
[%clk 00:03:03]  [%emt 00:00:43]} 18. Rg3 {[%clk 00:05:37]} 18... f6 {
[%clk 00:02:47]  [%emt 00:00:16]} 19. Nh4 {[%clk 00:05:26]  [%emt 00:00:19]}
19... f5 {[%clk 00:02:31]  [%emt 00:00:18]} 20. Ng6+ {
[%clk 00:05:01]  [%emt 00:00:47]} 20... Kf7 {[%clk 00:02:30]} 21. Nf4 {
[%clk 00:04:57]} 21... Kf8 {[%clk 00:02:27]} 22. h4 {
[%clk 00:04:40]  [%emt 00:00:22]} 22... Nh6 {[%clk 00:02:07]  [%emt 00:00:15]}
23. Qh8+ {[%clk 00:04:38]  [%emt 00:00:19]} 23... Ng8 {[%clk 00:02:05]} 24. h5
{[%clk 00:04:17]  [%emt 00:00:18]} 24... Rac8 {[%clk 00:01:28]  [%emt 00:00:37]
} 25. h6 {[%clk 00:04:17]  [%emt 00:00:09]} 1-0

[Event "II Open Internacional Blitz Quart de Pob"]
[Site "Quart de Poblet, Spain"]
[Date "2019.08.10"]
[Round "3.4"]
[White "Rios Garcia, Miguel"]
[Black "Ballester Llagaria, Luis Eduardo"]
[Result "1/2-1/2"]
[WhiteElo "1788"]
[BlackElo "2291"]
[PlyCount "195"]
[EventDate "2019.??.??"]

1. Nc3 {[%clk 00:07:04]  [%emt 00:00:09]} 1... d5 {[%clk 00:06:57]} 2. e4 {
[%clk 00:07:01]} 2... e6 {[%clk 00:06:59]} 3. d4 {
[%clk 00:06:48]  [%emt 00:00:04]} 3... Nc6 {[%clk 00:07:01]  [%emt 00:00:03]}
4. e5 {[%clk 00:06:39]  [%emt 00:00:13]} 4... Nge7 {
[%clk 00:06:56]  [%emt 00:00:04]} 5. Be3 {[%clk 00:06:36]  [%emt 00:00:05]}
5... b6 {[%clk 00:06:56]  [%emt 00:00:04]} 6. g4 {
[%clk 00:06:10]  [%emt 00:00:29]} 6... h5 {[%clk 00:06:50]  [%emt 00:00:06]} 7.
gxh5 {[%clk 00:06:02]  [%emt 00:00:14]} 7... Nf5 {
[%clk 00:06:52]  [%emt 00:00:04]} 8. Qg4 {[%clk 00:04:58]  [%emt 00:01:02]}
8... Bb7 {[%clk 00:06:03]  [%emt 00:00:55]} 9. Bd3 {
[%clk 00:04:54]  [%emt 00:00:11]} 9... Nxe5 {[%clk 00:04:50]  [%emt 00:01:10]}
10. dxe5 {[%clk 00:04:21]  [%emt 00:00:38]} 10... d4 {[%clk 00:04:51]} 11. Bg5
{[%clk 00:03:56]  [%emt 00:00:27]} 11... f6 {[%clk 00:03:26]  [%emt 00:01:28]}
12. exf6 {[%clk 00:03:29]  [%emt 00:00:38]} 12... gxf6 {
[%clk 00:03:24]  [%emt 00:00:03]} 13. Be4 {[%clk 00:01:34]  [%emt 00:01:52]}
13... Bxe4 {[%clk 00:01:58]  [%emt 00:01:30]} 14. Nxe4 {
[%clk 00:01:36]  [%emt 00:00:35]} 14... fxg5 {[%clk 00:01:57]} 15. O-O-O {
[%clk 00:01:35]} 15... Be7 {[%clk 00:01:24]  [%emt 00:00:10]} 16. Ne2 {
[%clk 00:01:23]  [%emt 00:00:16]} 16... Qd5 {[%clk 00:01:17]  [%emt 00:00:08]}
17. Kb1 {[%clk 00:01:23]  [%emt 00:00:32]} 17... O-O-O {
[%clk 00:01:11]  [%emt 00:00:07]} 18. N4g3 {[%clk 00:01:16]} 18... Bf6 {
[%clk 00:00:44]  [%emt 00:00:13]} 19. Nc3 {[%clk 00:01:05]  [%emt 00:00:17]}
19... Qa5 {[%clk 00:00:33]  [%emt 00:00:13]} 20. Nce4 {
[%clk 00:01:05]  [%emt 00:00:04]} 20... Bg7 {[%clk 00:00:30]  [%emt 00:00:06]}
21. Nxg5 {[%clk 00:01:04]  [%emt 00:00:04]} 21... Rhe8 {
[%clk 00:00:25]  [%emt 00:00:08]} 22. Nxe6 {[%clk 00:01:05]  [%emt 00:00:14]}
22... Rxe6 {[%clk 00:00:21]} 23. Qxf5 {[%clk 00:01:07]} 23... Qxf5 {
[%clk 00:00:17]  [%emt 00:00:04]} 24. Nxf5 {[%clk 00:01:10]} 24... Be5 {
[%clk 00:00:18]} 25. h4 {[%clk 00:01:10]  [%emt 00:00:11]} 25... Rf6 {
[%clk 00:00:21]} 26. Ne7+ {[%clk 00:01:05]  [%emt 00:00:03]} 26... Kd7 {
[%clk 00:00:18]  [%emt 00:00:04]} 27. Ng6 {[%clk 00:01:07]} 27... Bd6 {
[%clk 00:00:14]  [%emt 00:00:08]} 28. Rxd4 {[%clk 00:01:04]  [%emt 00:00:07]}
28... Rxf2 {[%clk 00:00:16]} 29. a3 {[%clk 00:01:03]  [%emt 00:00:11]} 29...
Rf5 {[%clk 00:00:15]} 30. h6 {[%clk 00:00:39]  [%emt 00:00:22]} 30... Rh5 {
[%clk 00:00:17]} 31. Nf4 {[%clk 00:00:38]  [%emt 00:00:11]} 31... Rxh6 {
[%clk 00:00:19]} 32. h5 {[%clk 00:00:38]} 32... Kc6 {[%clk 00:00:23]} 33. Nd3 {
[%emt 00:00:17]} 33... Rdh8 34. Rdh4 {[%clk 00:00:32]} 34... Be7 {
[%clk 00:00:25]} 35. R4h3 {[%clk 00:00:34]} 35... Bd6 {[%clk 00:00:27]} 36. Nf2
{[%clk 00:00:32]  [%emt 00:00:05]} 36... Rf6 {[%clk 00:00:26]  [%emt 00:00:05]}
37. Ng4 {[%clk 00:00:34]} 37... Rf4 {[%clk 00:00:28]} 38. Rg1 {
[%clk 00:00:27]  [%emt 00:00:12]} 38... Kd5 {[%clk 00:00:21]  [%emt 00:00:05]}
39. h6 {[%clk 00:00:24]  [%emt 00:00:34]} 39... Rh7 {[%clk 00:00:24]} 40. Rh5+
{[%clk 00:00:24]  [%emt 00:00:03]} 40... Ke6 {[%clk 00:00:26]} 41. Re1+ {
[%clk 00:00:22]} 41... Kf7 {[%clk 00:00:25]} 42. Ne5+ {[%clk 00:00:21]} 42...
Bxe5 {[%clk 00:00:23]} 43. Rexe5 {[%clk 00:00:20]  [%emt 00:00:11]} 43... Rf6 {
[%clk 00:00:25]} 44. Rd5 {[%clk 00:00:18]} 44... Ke8 {
[%clk 00:00:17]  [%emt 00:00:04]} 45. Rdg5 {[%clk 00:00:20]} 45... Rfxh6 {
[%clk 00:00:16]  [%emt 00:00:09]} 46. Rxh6 {[%clk 00:00:20]  [%emt 00:00:04]}
46... Rxh6 {[%clk 00:00:19]} 47. Rg8+ {[%clk 00:00:21]} 47... Kd7 {
[%clk 00:00:21]} 48. Ra8 {[%clk 00:00:23]} 48... a5 {
[%clk 00:00:23]  [%emt 00:00:05]} 49. c3 {[%clk 00:00:21]} 49... Kc6 {
[%clk 00:00:26]} 50. Ka2 {[%clk 00:00:23]  [%emt 00:00:04]} 50... Rh4 {
[%clk 00:00:27]} 51. Rg8 {[%clk 00:00:25]  [%emt 00:00:03]} 51... Rh2 {
[%clk 00:00:29]} 52. Rg5 {[%clk 00:00:27]} 52... Kb7 {[%clk 00:00:31]} 53. Kb3
{[%clk 00:00:28]  [%emt 00:00:03]} 53... a4+ {[%clk 00:00:33]} 54. Ka2 {
[%clk 00:00:26]  [%emt 00:00:11]} 54... c6 {[%clk 00:00:33]  [%emt 00:00:06]}
55. Rg4 {[%clk 00:00:26]} 55... b5 {[%clk 00:00:36]} 56. Rg8 {[%clk 00:00:28]}
56... Kb6 {[%clk 00:00:38]} 57. Rd8 {[%clk 00:00:28]  [%emt 00:00:03]} 57...
Kc5 {[%clk 00:00:40]} 58. Rg8 {[%clk 00:00:30]} 58... Rh5 {[%clk 00:00:40]} 59.
Rg4 {[%clk 00:00:33]  [%emt 00:00:03]} 59... Rh2 {[%clk 00:00:42]} 60. Rf4 {
[%clk 00:00:33]  [%emt 00:00:03]} 60... Kb6 {[%clk 00:00:43]  [%emt 00:00:04]}
61. Rg4 {[%clk 00:00:36]} 61... Kc5 {[%clk 00:00:45]} 62. Rf4 {[%clk 00:00:38]}
62... Re2 {[%clk 00:00:47]} 63. Rg4 {[%clk 00:00:40]  [%emt 00:00:04]} 63...
Kd5 {[%clk 00:00:49]} 64. Rd4+ {[%clk 00:00:41]  [%emt 00:00:07]} 64... Kc5 {
[%clk 00:00:51]} 65. Rg4 {[%clk 00:00:43]} 65... Rf2 {
[%clk 00:00:50]  [%emt 00:00:04]} 66. Rh4 {[%clk 00:00:45]} 66... Rf5 {
[%clk 00:00:51]} 67. Rg4 {[%clk 00:00:47]} 67... Re5 {
[%clk 00:00:53]  [%emt 00:00:04]} 68. Rh4 {[%clk 00:00:50]} 68... Kd5 {
[%clk 00:00:56]} 69. Rd4+ {[%clk 00:00:51]} 69... Kc5 {[%clk 00:00:58]} 70. Rg4
{[%clk 00:00:54]  [%emt 00:00:04]} 70... Rd5 {[%clk 00:01:00]} 71. Rh4 {
[%clk 00:00:55]} 71... Kd6 {[%clk 00:01:01]  [%emt 00:00:04]} 72. Rg4 {
[%clk 00:00:57]} 72... Re5 {[%clk 00:01:02]  [%emt 00:00:10]} 73. Rd4+ {
[%clk 00:00:59]} 73... Kc5 {[%clk 00:01:04]} 74. Rg4 {
[%clk 00:01:01]  [%emt 00:00:07]} 74... Re2 {[%clk 00:01:03]} 75. Rf4 {
[%clk 00:01:03]} 75... Rg2 {[%clk 00:00:51]  [%emt 00:00:10]} 76. Rh4 {
[%clk 00:01:05]  [%emt 00:00:06]} 76... Rg5 {[%clk 00:00:53]} 77. Rf4 {
[%clk 00:01:08]} 77... Kb6 {[%clk 00:00:52]  [%emt 00:00:04]} 78. Rh4 {
[%clk 00:01:05]  [%emt 00:00:03]} 78... Rd5 {[%clk 00:00:54]} 79. Rg4 {
[%clk 00:01:07]} 79... Kc7 {[%clk 00:00:56]} 80. Rh4 {
[%clk 00:01:10]  [%emt 00:00:03]} 80... Kd6 {[%clk 00:00:58]  [%emt 00:00:14]}
81. Rg4 {[%clk 00:01:12]} 81... Ke5 {[%clk 00:00:58]  [%emt 00:00:03]} 82. Rh4
{[%clk 00:01:12]} 82... Kd6 {[%clk 00:00:45]  [%emt 00:00:05]} 83. Rg4 {
[%clk 00:01:14]} 83... Re5 {[%clk 00:00:45]  [%emt 00:00:16]} 84. Rh4 {
[%clk 00:01:17]} 84... c5 {[%clk 00:00:36]  [%emt 00:00:05]} 85. Rg4 {
[%clk 00:01:19]} 85... Kd5 {[%clk 00:00:38]} 86. Rh4 {[%clk 00:01:21]} 86...
Re4 {[%clk 00:00:37]  [%emt 00:00:04]} 87. Rh5+ {
[%clk 00:01:18]  [%emt 00:00:09]} 87... Kc4 {[%clk 00:00:39]} 88. Rg5 {
[%clk 00:01:17]  [%emt 00:00:04]} 88... Rf4 {[%clk 00:00:41]} 89. Rh5 {
[%clk 00:01:19]  [%emt 00:00:07]} 89... Rg4 {[%clk 00:00:43]} 90. Rf5 {
[%clk 00:01:21]} 90... Re4 {[%clk 00:00:45]} 91. Rg5 {[%clk 00:01:23]} 91... b4
{[%clk 00:00:23]  [%emt 00:00:21]} 92. cxb4 {[%clk 00:01:15]  [%emt 00:00:46]}
92... cxb4 {[%clk 00:00:25]} 93. axb4 {[%clk 00:01:17]} 93... Kxb4 {
[%clk 00:00:26]} 94. Rg3 {[%clk 00:01:16]} 94... Rd4 {[%clk 00:00:28]} 95. Rf3
{[%clk 00:01:18]} 95... Re4 {[%clk 00:00:30]} 96. Rg3 {[%clk 00:01:21]} 96...
Rd4 {[%clk 00:00:33]} 97. Rf3 {[%clk 00:01:23]} 97... Re4 {[%clk 00:00:35]} 98.
Rg3 1/2-1/2